Direito ao processo penal no prazo razoável / (Record no. 596)

MARC details
000 -LÍDER
Campo Fixo de Controle 00784nam a2200253 a 4500
001 - NÚMERO DE CONTROLE
Campo de Controle 596
003 - IDENTIFICAÇÃO DO NÚMERO DE CONTROLE
Campo de Controle BR-CuiBMT
005 - DATA E HORA DA ÚLTIMA ATUALIZAÇÃO
Campo de Controle 20231110220435.0
008 - DADOS FIXOS
Dados Fixos 230804s2006 rjb 000 0 por d
020 ## - INTERNATIONAL STANDARD BOOK NUMBER
Nº do ISBN 8573879459
040 ## - AGÊNCIA CATALOGADORA
Código da Agência Catalogadora BR-CuiBMT
Agência que transcreveu o registro BR-CuiBMT
080 ## - Nº DA CLASSIFICAÇÃO DECIMAL UNIVERSAL
Nº Class. CDU 343.1:342.7
Nº edição CDU 2007
090 ## - NÚMERO DE CHAMADA
Nº classificação 343.1:342.7
Cutter L864d
100 1# - ENTRADA PRINCIPAL -- AUTOR PESSOAL
Nome pessoal Lopes Junior, Aury
245 1# - TÍTULO PRINCIPAL
Título principal Direito ao processo penal no prazo razoável /
Indicação de responsabilidade Aury Lopes Junior, Gustavo Henrique Richi Ivahy Badaró.
260 ## - PUBLICAÇÃO, DISTRIBUIÇÃO, ETC.
Local de publicação Rio de Janeiro :
Editora Lumen Juris,
Data 2006.
300 ## - DESCRIÇÃO FÍSICA
N. páginas ou volumes 205 p. ;
Dimensões 21 cm
504 ## - NOTA DE BIBLIOGRAFIA, ETC.
Nota de bibliografia Inclui bibliografia.
650 ## - ASSUNTO TÓPICO
Cabeçalho tópico ou nome geográfico Direitos humanos
650 ## - ASSUNTO TÓPICO
Cabeçalho tópico ou nome geográfico Direitos e garantias individuais
650 ## - ASSUNTO TÓPICO
Cabeçalho tópico ou nome geográfico Direito processual penal
700 ## - ENTRADA SECUNDÁRIA -- NOME PESSOAL
Nome pessoal Badaró, Gustavo Henrique Richi Ivahy
942 ## - ELEMENTOS DE ENTRADA ADICIONAIS (KOHA)
Fonte de classificação ou esquema de arquivamento Classificação Decimal Universal
Tipo de item do Koha Livros
Holdings
Estado: removido Estado: perdido Fonte de classificação ou esquema de arquivamento Estado: danificado Indisponível para empréstimo Localização permanente Localização atual Data de aquisição Total Checkouts Número de Chamada completo Código de barras Date last seen Número do exemplar Preço efetivo a partir de Tipo de item (Koha)
    Classificação Decimal Universal     Biblioteca da Escola Superior de Contas do TCE/MT Biblioteca da Escola Superior de Contas do TCE/MT 10/11/2023   343.1:342.7 L864d BIBTCEMT23110408 10/11/2023 Ex. 1 10/11/2023 Livros

Powered by Koha